000 00522nam a2200217Ia 4500
003 OSt
005 20220928142339.0
006 a|||||r|||| 00| 0
007 ta
008 220927b |||||||| |||| 00| 0 eng d
024 _a19208
037 _cTextual
040 _aSDCL
_cSDCL
_beng
041 _2eng
_aeng
082 _aW6v2'A, L3
100 _aNath Ravinder
_9503289
245 0 _aVeedic prajatantra
260 _c1973
942 _hW6v2'A, L3
_cTEXL
_2CC
999 _c821410
_d821410